[Event "DEM U14 2020"]
[Site "Willingen GER"]
[Date "2020.10.21"]
[Round "2"]
[White "Fuhrmann, Bahne"]
[Black "Englert, Luca"]
[Result "1-0"]
[Termination "normal"]
[Board "22"]
[WhiteElo "1816"]
[BlackElo "1530"]
[WhiteClock "00:06:46"]
[BlackClock "00:46:50"]
[PlyCount "143"]
[WhiteFideId "16244842"]
[BlackFideId "16293088"]
[EventCountry "GER"]
[EventRounds "7"]
[EventType "swiss"]
[EventDate "2020.10.19"]

1. e4 {[%clk 1:30:58]} d6 {[%clk 1:30:57]} 2. d4 {[%clk 1:31:22]} Nf6 {[%clk
1:31:22]} 3. Nc3 {[%clk 1:31:44]} g6 {[%clk 1:31:46]} 4. f4 {[%clk 1:32:06]}
Bg7 {[%clk 1:32:08]} 5. Nf3 {[%clk 1:31:50]} Bg4 {[%clk 1:32:32]} 6. h3 {[%clk
1:31:14]} Bxf3 {[%clk 1:32:55]} 7. Qxf3 {[%clk 1:29:53]} c6 {[%clk 1:32:06]} 8.
Be3 {[%clk 1:27:18]} e5 {[%clk 1:31:15]} 9. f5 {[%clk 1:22:46]} Qb6 {[%clk
1:28:16]} 10. O-O-O {[%clk 1:21:41]} Qa5 {[%clk 1:23:55]} 11. dxe5 {[%clk
1:17:42]} dxe5 {[%clk 1:24:14]} 12. fxg6 {[%clk 1:13:40]} fxg6 {[%clk 1:24:37]}
13. Bc4 {[%clk 1:11:52]} Nbd7 {[%clk 1:22:11]} 14. Bf7+ {[%clk 1:00:59]} Ke7
{[%clk 1:21:20]} 15. Bg5 {[%clk 0:52:12]} Rhf8 {[%clk 1:12:50]} 16. Bc4 {[%clk
0:44:27]} h6 {[%clk 1:10:49]} 17. Bd2 {[%clk 0:39:55]} Qc5 {[%clk 1:09:01]} 18.
Qe2 {[%clk 0:35:32]} Ne8 {[%clk 0:58:45]} 19. Na4 {[%clk 0:32:52]} Qf2 {[%clk
0:55:21]} 20. Qd3 {[%clk 0:31:09]} Qd4 {[%clk 0:41:33]} 21. Qa3+ {[%clk
0:27:19]} Nd6 {[%clk 0:40:07]} 22. Be1 {[%clk 0:20:54]} c5 {[%clk 0:35:31]} 23.
Rxd4 {[%clk 0:20:43]} exd4 {[%clk 0:35:56]} 24. Bd5 {[%clk 0:17:52]} Rac8
{[%clk 0:35:13]} 25. Bg3 {[%clk 0:15:27]} b5 {[%clk 0:34:11]} 26. Nxc5 {[%clk
0:11:38]} Rxc5 {[%clk 0:34:22]} 27. Qa6 {[%clk 0:11:16]} Rf6 {[%clk 0:32:27]}
28. e5 {[%clk 0:10:49]} Rxd5 {[%clk 0:30:57]} 29. exf6+ {[%clk 0:10:57]} Bxf6
{[%clk 0:31:01]} 30. Re1+ {[%clk 0:10:32]} Ne5 {[%clk 0:30:49]} 31. Qxa7+
{[%clk 0:09:19]} Ke6 {[%clk 0:30:58]} 32. Qh7 {[%clk 0:07:25]} d3 {[%clk
0:29:45]} 33. Bxe5 {[%clk 0:05:27]} d2+ {[%clk 0:29:20]} 34. Kd1 {[%clk
0:05:46]} dxe1=Q+ 35. Kxe1 {[%clk 0:06:10]} Rxe5+ {[%clk 0:29:40]} 36. Kd1
{[%clk 0:05:20]} Rd5+ {[%clk 0:29:58]} 37. Ke1 {[%clk 0:05:42]} Bh4+ {[%clk
0:29:32]} 38. Kf1 {[%clk 0:04:48]} Rd1+ {[%clk 0:28:28]} 39. Ke2 {[%clk
0:05:13]} Re1+ {[%clk 0:28:52]} 40. Kf3 {[%clk 0:04:32]} Nf7 {[%clk 0:26:12]}
41. Qxg6+ {[%clk 0:04:08]} Ke7 {[%clk 0:25:04]} 42. Qb6 {[%clk 0:01:44]} Nd6
{[%clk 0:24:32]} 43. a4 {[%clk 0:26:37]} bxa4 {[%clk 0:53:48]} 44. Qa7+ {[%clk
0:26:26]} Kf6 {[%clk 0:52:31]} 45. Qd4+ {[%clk 0:26:15]} Ke6 {[%clk 0:47:19]}
46. Qxh4 {[%clk 0:22:29]} Re3+ {[%clk 0:45:58]} 47. Kf2 {[%clk 0:22:48]} Re4
{[%clk 0:46:02]} 48. Qxh6+ {[%clk 0:22:40]} Kd5 {[%clk 0:45:42]} 49. Qd2+
{[%clk 0:21:16]} Rd4 {[%clk 0:45:35]} 50. Qa5+ {[%clk 0:20:54]} Kc6 {[%clk
0:44:40]} 51. Kf3 {[%clk 0:20:00]} Rc4 {[%clk 0:43:23]} 52. b3 {[%clk 0:18:07]}
axb3 {[%clk 0:42:58]} 53. cxb3 {[%clk 0:18:21]} Rc5 {[%clk 0:43:04]} 54. Qa6+
{[%clk 0:17:28]} Kd5 {[%clk 0:43:12]} 55. b4 {[%clk 0:16:18]} Rb5 {[%clk
0:43:30]} 56. Qxb5+ {[%clk 0:09:27]} Nxb5 {[%clk 0:43:55]} 57. g4 {[%clk
0:09:15]} Kc4 {[%clk 0:44:06]} 58. g5 {[%clk 0:09:05]} Kxb4 {[%clk 0:44:15]}
59. g6 {[%clk 0:08:10]} Nd4+ {[%clk 0:44:33]} 60. Kg4 {[%clk 0:05:36]} Nc6
{[%clk 0:44:37]} 61. Kg5 {[%clk 0:05:30]} Ne7 {[%clk 0:44:08]} 62. Kf6 {[%clk
0:04:27]} Ng8+ {[%clk 0:44:25]} 63. Kg7 {[%clk 0:04:19]} Ne7 {[%clk 0:44:49]}
64. Kf7 {[%clk 0:04:34]} Nf5 {[%clk 0:45:10]} 65. g7 {[%clk 0:04:34]} Kc5
{[%clk 0:44:53]} 66. g8=Q {[%clk 0:04:43]} Nh6+ {[%clk 0:45:17]} 67. Kg7 {[%clk
0:05:04]} Nxg8 68. Kxg8 {[%clk 0:05:30]} Kd6 {[%clk 0:45:41]} 69. Kg7 {[%clk
0:05:41]} Ke6 {[%clk 0:46:04]} 70. h4 {[%clk 0:06:05]} Kf5 {[%clk 0:46:23]} 71.
h5 {[%clk 0:06:23]} Kg5 {[%clk 0:46:50]} 72. h6 {[%clk 0:06:46]} 1-0